Asturianos en Buenos Aires: sociedades asturianas a fines del siglo XIX
Uloženo v:
| Hlavní autor: | |
|---|---|
| Médium: | Kniha |
| Jazyk: | španělština |
| Vydáno: |
Buenos Aires
Leviatán
2009
|
| Vydání: | 1a. ed |
| Edice: | Cultura Nación
|
| Témata: | |
| Tagy: |
Přidat tag
Žádné tagy, Buďte první, kdo vytvoří štítek k tomuto záznamu!
|
MARC
| LEADER | 00000cam a2200000 a 4500 | ||
|---|---|---|---|
| 001 | UCC3687 | ||
| 003 | CL-VaPUC | ||
| 008 | 180531e20090000ag |||||||||||||||||spa|d | ||
| 020 | |a 9789875141575 | ||
| 082 | 0 | 4 | |a 304.82046 |b GAR |2 21 |
| 100 | |a Garabedian, Marcelo |e author |9 597766 | ||
| 245 | 1 | 0 | |a Asturianos en Buenos Aires: sociedades asturianas a fines del siglo XIX |
| 250 | |a 1a. ed | ||
| 300 | |a 221 p | ||
| 942 | |c BK | ||
| 945 | |d 20180531 16:15:00 |a arojas | ||
| 260 | |a Buenos Aires |b Leviatán |c 2009 | ||
| 650 | 0 | |a Inmigración |9 268290 | |
| 650 | 0 | |a Inmigrantes |9 317882 | |
| 651 | 7 | |a BUENOS AIRES |2 CL-VaPUC |9 255286 | |
| 651 | 7 | |a ASTURIAS |2 CL-VaPUC |9 268747 | |
| 583 | |a last modification |c 20180531 16:15:00 |k Rodrigo Vera | ||
| 490 | 0 | |a Cultura Nación | |
| 999 | |c 371379 |d 371377 | ||
| 952 | |0 0 |1 0 |3 erb |4 0 |6 304_820460000000000_GAR_2009 |7 0 |8 A |9 488360 |a BIBHIS |b BIBHIS |i 5473349 |o 304.82046 GAR 2009 |p 5473349 |r 2025-01-20 |w 2019-11-24 |y BK |z Catalogado en:20180531 |k HIS | ||
| 952 | |0 0 |1 0 |3 erb |4 0 |6 304_820460000000000_GAR_2009 |7 0 |8 A |9 488361 |a BIBHIS |b BIBHIS |i 5473357 |o 304.82046 GAR 2009 |p 5473357 |r 2025-01-20 |w 2019-11-24 |y BK |z Catalogado en:20180531 |k HIS | ||